LEADER 01532oam 2200469zu 450 001 9910130937103321 005 20210807004637.0 010 $a1-118-66659-3 035 $a(CKB)3450000000004412 035 $a(SSID)ssj0000726635 035 $a(PQKBManifestationID)11455154 035 $a(PQKBTitleCode)TC0000726635 035 $a(PQKBWorkID)10674396 035 $a(PQKB)11211512 035 $a(PPN)178982105 035 $a(EXLCZ)993450000000004412 100 $a20160829d1993 uy 101 0 $aeng 181 $ctxt 182 $cc 183 $acr 200 00$aInteractions between global climate subsystems : the legacy of Hann 210 31$a[Place of publication not identified]$cAmerican Geophysical Union$d1993 225 0 $aIUGG Interactions between global climate subsystems 300 $aBibliographic Level Mode of Issuance: Monograph 311 $a0-87590-466-1 606 $aClimatic changes$xCongresses 606 $aHydrologic cycle$xCongresses 606 $aEarth & Environmental Sciences$2HILCC 606 $aMeteorology & Climatology$2HILCC 615 0$aClimatic changes$xCongresses 615 0$aHydrologic cycle$xCongresses 615 7$aEarth & Environmental Sciences 615 7$aMeteorology & Climatology 676 $a551.5 702 $aMcBean$b G. A 702 $aHantel$b Michael 801 0$bPQKB 906 $aBOOK 912 $a9910130937103321 996 $aInteractions between global climate subsystems : the legacy of Hann$91990397 997 $aUNINA LEADER 04240 am 2200697 n 450 001 9910495936203321 005 20200820 010 $a979-1-03-510132-9 024 7 $a10.4000/books.psorbonne.57217 035 $a(CKB)4100000011508983 035 $a(FrMaCLE)OB-psorbonne-57217 035 $a(oapen)https://directory.doabooks.org/handle/20.500.12854/85817 035 $a(PPN)267968353 035 $a(EXLCZ)994100000011508983 100 $a20201015j|||||||| ||| 0 101 0 $afre 135 $auu||||||m|||| 181 $ctxt$2rdacontent 182 $cc$2rdamedia 183 $acr$2rdacarrier 200 13$aLa politique des Gaulois $eVie politique et institutions en Gaule chevelue (IIe siècle avant notre ère-70) /$fEmmanuel Arbabe 210 $aParis $cÉditions de la Sorbonne$d2020 215 $a1 online resource (440 p.) 225 1 $aHistoire ancienne et médiévale 311 $a979-1-03-510042-1 330 $aPeut-on, aujourd?hui, écrire une histoire de la Gaule ? Les descriptions faites par César dans le récit de sa conquête - la fameuse Guerre des Gaules - relèvent-elles du mirage et obéissent-elles à la seule règle de la communication politique ? Quelle était la réalité indigène des Gaules du 1er siècle avant notre ère ? En reprenant l?ensemble du dossier grec et latin, cet ouvrage fait d?emblée le pari de l?unité de la Gaule en montrant comment s?y sont développées, avant César, des pratiques politiques communes : assemblées à différentes échelles, reconnaissance d?une autorité commune, mise en place de coalitions générales placées sous l?autorité de chefs de guerre dont Vercingétorix fut le dernier et le plus célèbre représentant. Après la conquête romaine, ces pratiques constituèrent une partie du socle administratif de la Gaule romaine. Ainsi l?entité gauloise fut pérennisée par le culte du Con_ uent, à Lyon, ignorant la tripartition provinciale imposée par Rome et obéissant en partie à une tradition héritée du temps de l?indépendance. En s?appuyant sur le dynamisme de l?archéologie régionale, cet ouvrage enrichit considérablement l?image communément partagée de la Gaule. Fini le temps où les seuls Éduens représentaient, élevés au rang de modèle unique, tout ce que l?on pensait savoir sur les Gaulois : la diversité des institutions gauloises, liées à celle des peuples de la Gaule, donne à voir une société bien plus complexe et bien plus intéressante. Le découpage provincial et la mutation civique réalisée par les Romains en 16-13 après notre ère, tout en poussant à davantage d?homogénéisation institutionnelle, ne mettent pas un terme à cette diversité. L?adaptation aux normes importées d?Italie suit en effet, selon les régions, des schémas et des rythmes variés. Documentés par un large corpus de textes relus à l?aune de nouvelles questions et par l?exploitation d?un important matériel archéologique et numismatique, la Gaule et ses peuples trouvent ici une? 606 $aHistory 606 $aGaule 606 $aGuerres des Gaules 606 $aorganisation politique 606 $adécoupage administratif 606 $aconquête romaine 606 $aarchéologie régionale 606 $ainstitutions gauloises 606 $anumismatique 606 $aarchéologie nationale 610 $aGaule 610 $aGuerres des Gaules 610 $aorganisation politique 610 $adécoupage administratif 610 $aconquête romaine 610 $aarchéologie régionale 610 $ainstitutions gauloises 610 $anumismatique 610 $aarchéologie nationale 615 4$aHistory 615 4$aGaule 615 4$aGuerres des Gaules 615 4$aorganisation politique 615 4$adécoupage administratif 615 4$aconquête romaine 615 4$aarchéologie régionale 615 4$ainstitutions gauloises 615 4$anumismatique 615 4$aarchéologie nationale 700 $aArbabe$b Emmanuel$01321596 801 0$bFR-FrMaCLE 906 $aBOOK 912 $a9910495936203321 996 $aLa politique des Gaulois$93034607 997 $aUNINA